000 00385nam a2200157Ia 4500
005 20250405150536.0
008 240331s9999 xx 000 0 und d
020 _a978955095068
082 _bTHA
_a894
100 _aThamarai,A
245 0 _aVitpanaikku otu katpanai
260 _aColombo
_bPuravalar Puththaka Poonga
_c2009
300 _aViii, 70 p .,
650 _aPoems
942 _cL
999 _c5417
_d5417